Quiz sur Staline - Statistiques

Statistiques générales
  • Ce quiz a été pris 569 fois
  • Le résultat moyen est 9 sur 15
Statistiques - réponses
Hint Réponse % Correct
Son prénom Joseph
87%
Pays qu'il envahi en accord avec l'Allemagne nazie en 1939 Pologne
87%
Camps de travaux qu'il met en place où des millions de soviétiques vont y trouver la mort notamment en Sibérie. Goulag
86%
Son mentor en politique Lénine
85%
Courant politique dont il est issu Communisme
79%
Pays actuel où il est né Géorgie
74%
Système économique qu'il combat férocement Capitalisme
71%
Bataille déterminante de la seconde guerre mondiale qu'il arrive à remporter grâce au maréchal Joukov et à la détermination de l'armée rouge Stalingrad
70%
Son grand ennemi après la seconde guerre mondiale Etats Unis
67%
Arme ultime qu'il parvient à acquérir en 1949 pour ainsi rivaliser avec les Etats Unis Bombe Atomique
59%
Son année de naissance 1878
54%
Son ennemi en politique qu'il fait assassiner en 1940 au Mexique Léon Trotsky
53%
En 1948, quel blocus met-il en place Blocus de Berlin
28%
Son surnom petit père des peuples
24%
A la fin de sa vie par quelle maladie mentale est il touché, maladie qui causera en partie sa mort en 1953, ses médecins ne voulant pas intervenir Paranoïa
13%
Aucun quiz correspondant
Distribution des résultats
% des personnes avec chaque résultat
Percentile par nombre de réponses
Votre historique - résultats
Vous n’avez pas pris ce quiz